000 00560cam a2200145 4500500
005 20260208010538.0
041 _afre
042 _adc
100 1 0 _aVerdeau, Patricia
_eauthor
245 0 0 _aMichael Paraire, 20 philosophes pour le bac et après, Pantin, Le Temps des cerises, 2002, 193 p., 12 E.
260 _c2005.
500 _a6
786 0 _nRevue philosophique de la France et de l'étranger | 130 | 1 | 2005-03-01 | p. 77l-130l | 0035-3833
856 4 1 _uhttps://shs.cairn.info/revue-philosophique-2005-1-page-77l?lang=fr&redirect-ssocas=7080
999 _c1657051
_d1657051